000
00209 a2200097 4500
001
10120
100
_a
Newman, E W P
245
_a
Mediterranean and its problems
260
_a
_b
Allen
_c
090
_c
7867
_d
7867
942
_a
NUST-CAE
_c
M
_c
34563
999
_c
245193
_d
245193